Responses for show #4837 - Tuesday, September 27, 2005

Contestants

[<< previous game]

Andy Rosenberg, a sales manager from Morristown, New Jersey

Caleb Whitaker, an executive recruiter from Asheville, North Carolina

Monica Vidrio, a graduate student originally from Ventura, California (whose 1-day cash winnings total $8,000)

[next game >>]

Jeopardy! Round responses

PRESIDENTIAL ALMA MATERS
A JOHN DENVER SONGBOOK
CARS
HELLO KITTY
FEMALE FIRSTS
THE "FILE" FILE
    $200 16
Lyndon Johnson

Andy
    $200 21
(Andy: What is "Country Roads"?)
(Alex: Give me the full title.)
(Andy: What is "Country Roads, Take Me Home"?)

"Take Me Home, Country Roads"

MonicaAndy
    $200 11
police cars

Caleb
    $200 1
Kitty Hawk

Triple Stumper
    $200 2
Amelia Earhart

Andy
    $200 22
(Caleb: What is file 13?)
(Andy: What is a rectangular file?)

a circular file

CalebAndy
Triple Stumper
    $400 17
U.S. Grant

Caleb
    $400 27
"Thank God I'm A Country Boy"

Triple Stumper
    $400 12
(Andy: What are pistons?)

cylinders

CalebAndy
    $400 7
Kitty Dukakis

Caleb
    $400 3
the Girl Scouts

Monica
    $400 23
to defile

Monica
    $600 18
John Kennedy

Andy
    $600 28
(Andy: What is "Annie's Song"?)

"Sunshine On My Shoulders"

Andy
Triple Stumper
    $600 13
a station wagon

Monica
    $600 8
Kit Carson

Caleb
    $600 4
Mary Lou Retton

Caleb
    $600 24
rank and file

Andy
    $800 19
(Monica: Who was George Washington?)

John Adams

MonicaAndy
    $800 29
(Alex: The "sailing" line should have helped you come up with [*].)

"Calypso"

Triple Stumper
    $800 14
Oldsmobile

Andy
    $800 9
a kit fox

Monica
    $800 5
Helen Thomas

Andy
    $800 25
a low profile

Andy
    $1000 20
Woodrow Wilson

Andy
    $1000 30
(Alex: Andy, I was waiting for you to come up with [*] this time.)

"Annie's Song"

Triple Stumper
    $800 15
the Spyder

Andy
    $1000 10
Kitty Kelley

Andy
    $1000 6
(Andy: Who is Beverly Sills?)

Sarah Caldwell

Andy
Triple Stumper
    $1000 26
a spindle file

Triple Stumper

Scores at the first commercial break (after clue 15):

Monica Caleb Andy
$1,800 $2,200 $2,200

Scores at the end of the Jeopardy! Round:

Monica Caleb Andy
$1,600 $2,400 $5,200

Double Jeopardy! Round responses

SOUTH OF THE EQUATOR
LITERARY ____ OF ____
GONE WITH THE WIND
IT HAPPENED ONE KNIGHT
CLARK GABLE
YOU'RE A "STAR"
    $400 1
Buenos Aires

Andy
    $400 6
Origin of Species

Andy
    $400 26
Vaudeville

Andy
    $400 21
Lancelot

Caleb
    $400 16
(Alex: And the her is the woman he loved and married, [*].)

Carole Lombard

Triple Stumper
    $400 11
starboard

Andy
    $800 2
(Monica: What is the Sahara?)

the Kalahari

MonicaAndy
    $800 7
East of Eden

Monica
    $800 27
Singer

Caleb
    $800 22
(Monica: Who is Clovis?)

Charlemagne

MonicaAndy
    $800 17
(Alex: Memorable scene, [*].)

Judy Garland

Triple Stumper
    $800 12
Starfleet Academy

Andy
    $1200 3
New South Wales

Caleb
    $1200 8
Song of Solomon

Andy
    $1200 28
(Caleb: What is El Seville?)

El Dorado

CalebAndy
    $1200 23
the Crusades

Caleb
    $1200 18
Mutiny on the Bounty

Andy
    $1200 13
"Stars and Bars"

Andy
    $1600 4
the New Hebrides

Andy
    $1600 9
(Caleb: What is The Merchant of Venice?)
(Andy: What is Two Gentlemen of Verona?)

Timon of Athens

CalebAndy
Triple Stumper
    $1600 29
(Caleb: What is the player piano?)
...
(Alex: You guys are too young to remember that, also.)

8-track

Caleb
Triple Stumper
    $1600 24
the Green Knight

Monica
    $1600 19
(Alex: In which he appeared with Marilyn Monroe and Montgomery Clift: [*].)

The Misfits

Triple Stumper
    $1600 14
the Star of India

Caleb
    $2000 5
(Alex: That would be on the island of [*].)

St. Helena

Triple Stumper
    $2,000 10
(Andy: [Shakes head] Don't know.)
(Alex: What is Joseph Conrad's [*].)

Heart of Darkness

Andy
    $2000 30
(Caleb: What is the, uh, House Un-American Activity Committee?)
(Alex: Tha--aaah...)
(Caleb: Uh... HUAC? H-U-A-C?)
(Alex: No, no, we can't give it to you. Monica or Andy?)
(Caleb: Activities?)
(Alex: Activities, yeah. You should've said that the first time out, Cable [sic]. Sorry.)

the House Un-American Activities Committee

Caleb
Triple Stumper
    $1,500 25
(Monica: Who is Don Quixote?)

El Cid

Monica
    $2000 20
(Alex: I'm so glad all three of you young people were big Clark Gable fans. [*] is the motion picture. Let's go somewhere else, Andy.)

The Hucksters

Triple Stumper
    $2000 15
the Star Chamber

Andy

Scores at the end of the Double Jeopardy! Round:

Monica Caleb Andy
$900 $1,200 $14,000
(lock game)

[wagering suggestions for these scores]

Final Jeopardy! Round responses

15-LETTER ANAGRAMS
MonicaWhat is ?
$900
CalebWhat is a conversationist conservationist
$1,100
AndyWhat is ?
$1,000
conversationist & conservationist

Final scores:

Monica Caleb Andy
$0 $2,300 $13,000
3rd place: $1,000 2nd place: $2,000 New champion: $13,000

Game dynamics:

Coryat scores:

Monica Caleb Andy
$2,400 $1,200 $16,200
7 R,
4 W
(including 1 DD)
11 R,
5 W
24 R
(including 1 DD),
7 W
(including 1 DD)

Combined Coryat: $19,800

The J! Archive is created by fans, for fans. Scraping, republication, monetization, and malicious use prohibited; this site may use cookies and collect identifying information. See terms. The Jeopardy! game show and all elements thereof, including but not limited to copyright and trademark thereto, are the property of Jeopardy Productions, Inc. and are protected under law. This website is not affiliated with, sponsored by, or operated by Jeopardy Productions, Inc. Join the discussion at JBoard.tv.